000 00618nam a22001817a 4500
005 20251108164925.0
008 250721s1981 xx 000 0 ara d
082 1 4 _a810.009/أيو
100 1 _aالأيوبي، ياسين
245 1 0 _aالرصيد الأدبي :
_bمائة إجابة نمودجية موسعة في أدب البكالوريا /
264 1 _aطرابلس (لبنان) :
_bدار الشمال،
_c1981.
650 1 7 _aالأدب العربي
650 1 7 _aالنقد الأدبي
650 1 7 _aالشعر العربي
700 1 _aنجم، خريستو
942 _2ddc
_cBK
999 _c17572
_d17572